| 000 | 00798nam a22002177a 4500 | ||
|---|---|---|---|
| 999 |
_c11303 _d11303 |
||
| 003 | AR-CdUCM | ||
| 008 | 190403b ||||| |||| 00| 0 spa d | ||
| 040 |
_aMUNICIPALIDAD PROVINCIAL DEL CUSCO _cBIBLIOTECA MUNICIPAL DEL CUSCO |
||
| 082 |
_a650 / _bG228 / 1944 _22ed. |
||
| 100 |
_aGardó, José _928607 |
||
| 245 | _aMétodos de trabajo / | ||
| 260 |
_aBarcelona : _bJosé Montesó, _c1944 |
||
| 300 |
_a367 páginas ; _bIlustraciones, _c22 cm. |
||
| 440 |
_aBiblioteca del hombre de negocios moderno _n8 _928608 |
||
| 505 | _aContenido: Preliminares -- La disposición científica del trabajo -- Los sistemas a primas -- El método Administrativo ... | ||
| 650 |
_aMetodos de trabajo _928609 |
||
| 650 |
_aLaboral _928610 |
||
| 650 |
_aIndustrial _911684 |
||
| 942 |
_2ddc _cLIBROS |
||
| 945 | _acmm | ||